I travel from Portugal to Denmark name the countries and places - Statistics

General Stats
  • This quiz has been taken 19 times
    12 since last reset
  • The average score is 9 of 29
Answers on the Grid
Answers color-coded by a green-red scale on the quiz's grid according to % correct below.
Turkey
Berlin
Øresund Bridge
Netherlands
Danube
Scandinavia
Esbjerg
Seine
Amsterdam
Paris
Germany
Zealand
Copenhagen
Reykjavik
Stockholm
Latvia
Porto
Frankfurt
Switserland
Luxembourg
Ruhr Area
Belgium
Andorra
Andorra la Vella
Lisbon
Spain
Disneyland
Denmark
Matterhorn
Mont Blanc
Grossglockner
Legoland
Rhine
Bayern
France
Arc de Triomphe
Barcelona
Rotterdam
Keukenhof
Meuse
Rhone
Poland
Bavaria
Madrid
Eifel Tower
Czech Republic
 
Answer Stats
Answer % Correct
Berlin
64%
Copenhagen
64%
Paris
64%
Germany
55%
Spain
55%
France
45%
Lisbon
45%
Porto
45%
Denmark
36%
Eifel Tower
36%
Frankfurt
36%
Madrid
36%
Zealand
36%
Arc de Triomphe
27%
Legoland
27%
Scandinavia
27%
Seine
27%
Barcelona
18%
Esbjerg
18%
Mont Blanc
18%
Øresund Bridge
18%
Rhone
18%
Bayern
9%
Danube
9%
Disneyland
9%
Ruhr Area
9%
Bavaria
0%
Meuse
0%
Rhine
0%
No matching quizzes found
Score Distribution
Percent of People with Each Score
Percentile by Number Answered
Your Score History
You have not taken this quiz since the last reset